export_success — 

Narratives about Jews among Muslims in Norway : A Qualitative Interview Study.

Bibliographic Details
Main Author: Moe Bjørnbekk, Vibeke.
Format: eBook
Language:English
Published: Berlin/Boston : Walter de Gruyter GmbH, 2024.
Edition:1st ed.
Series:Religious Minorities in the North Series
Subjects:
Online Access:Click to View
LEADER 02209nam a22003853i 4500
001 EBC31465761
003 MiAaPQ
005 20240729202206.0
006 m o d |
007 cr cnu||||||||
008 240729s2024 xx o ||||0 eng d
020 |a 9783111329321  |q (electronic bk.) 
035 |a (MiAaPQ)EBC31465761 
035 |a (Au-PeEL)EBL31465761 
035 |a (OCoLC)1439600491 
040 |a MiAaPQ  |b eng  |e rda  |e pn  |c MiAaPQ  |d MiAaPQ 
082 0 |a 305.8829709481 
100 1 |a Moe Bjørnbekk, Vibeke. 
245 1 0 |a Narratives about Jews among Muslims in Norway :  |b A Qualitative Interview Study. 
250 |a 1st ed. 
264 1 |a Berlin/Boston :  |b Walter de Gruyter GmbH,  |c 2024. 
264 4 |c {copy}2024. 
300 |a 1 online resource (330 pages) 
336 |a text  |b txt  |2 rdacontent 
337 |a computer  |b c  |2 rdamedia 
338 |a online resource  |b cr  |2 rdacarrier 
490 1 |a Religious Minorities in the North Series ;  |v v.7 
505 0 |a Intro -- Acknowledgements -- Contents -- 1 Introduction -- 2 Perspectives on Muslim-Jewish Relations -- 3 Muslims in Norway: History, Organisation, and Religiosity -- 4 Jews in Norway: History, Organisation, and Religiosity -- 5 Conceptualisations of the Narrative -- 6 Methodology -- 7 Religious Beliefs and Concepts in Narratives about Jews -- 8 Narratives about Jewish Power -- 9 Victimhood in Narratives about Jews -- 10 Interpretations of Antisemitism and Islamophobia as Contemporary Problems -- 11 Narratives about "Jew" as a Term of Abuse -- 12 Conclusion -- Appendix -- Bibliography -- Index. 
588 |a Description based on publisher supplied metadata and other sources. 
590 |a Electronic reproduction. Ann Arbor, Michigan : ProQuest Ebook Central, 2024. Available via World Wide Web. Access may be limited to ProQuest Ebook Central affiliated libraries.  
655 4 |a Electronic books. 
776 0 8 |i Print version:  |a Moe Bjørnbekk, Vibeke  |t Narratives about Jews among Muslims in Norway  |d Berlin/Boston : Walter de Gruyter GmbH,c2024 
797 2 |a ProQuest (Firm) 
830 0 |a Religious Minorities in the North Series 
856 4 0 |u https://ebookcentral.proquest.com/lib/matrademy/detail.action?docID=31465761  |z Click to View